| 000 | 00483nam a2200181Ia 4500 | ||
|---|---|---|---|
| 005 | 20250508150725.0 | ||
| 008 | 008 250505s9999 xx 000 0 eng d | ||
| 037 | _aTextual | ||
| 040 |
_aFEDL _beng _cFEDL |
||
| 041 |
_aeng _2eng |
||
| 084 |
_a371.12, MAR _qFEDL |
||
| 100 |
_aMartin Loveday _9757468 |
||
| 245 | 0 | _aInto the breach | |
| 260 |
_aLondon, UK _bTurnstile Press _c1949 |
||
| 300 | _aix,65p. | ||
| 942 |
_cTEXL _h371.12, MAR |
||
| 999 |
_c1325277 _d1325277 |
||